The universal register of European exports.

Bibliographic Details
Format: Book
Published: West Germany: Spangenberg, 1988.
Subjects:
LEADER 00441cam a2200157 7i4500
001 0000001485
005 19991025090000.0
002 ##000002215
020 0 0 |a T000002220  
090 0 0 |a REF 00.07 50 000   |b UNI 
245 0 4 |a The universal register of European exports. 
260 0 0 |a West Germany:   |b Spangenberg,   |c 1988. 
300 0 0 |a 1722p. 
650 0 0 |a Exports --   |z Europe  
651 0 0 |a European  
999 |a 0000003616  |b Book  |c Reference  |e Business Information Centre